000 00505nam a2200169 a 4500
001 000034710
005 20200930073845.0
008 111019s1971 ve 000 0 spa d
040 _aDO-SdBNP
_bspa
_cBNPHU
082 _axxx
_bZ41l
100 1 _aZea, Leopoldo
_923264
245 1 0 _aLatinoamérica :
_bemancipación y neocolonialismo /
_cLeopoldo Zea.
260 _aCaracas, Venezuela :
_bTiempo Nuevo,
_c1971.
300 _a192 p. ;
_c19 cm.
490 1 _aFuegos cruzados
830 0 _aFuegos cruzados
_960167
999 _c34201
_d34201